000
00192 a2200097 4500
020
_a
30030720
041
_a
spa
100
_a
Becquer, Gustavo Adolfo
245
_a
Rimas y leyendas
942
_c
BK
999
_c
30081
_d
30079